Agricultural Landlord and Tenant code of practice for Wales (Record no. 122345)

MARC details
000 -LEADER
fixed length control field 02028nam a22003017a 4500
005 - DATE AND TIME OF LATEST TRANSACTION
control field 20260409170801.0
008 - FIXED-LENGTH DATA ELEMENTS--GENERAL INFORMATION
fixed length control field 260409t2026 wlk|||||o|||| 00| 0 eng d
041 ## - LANGUAGE CODE
Language code of text/sound track or separate title eng
110 ## - MAIN ENTRY--CORPORATE NAME
Corporate author Royal Institution of Chartered Surveyors
245 ## - TITLE STATEMENT
Title Agricultural Landlord and Tenant code of practice for Wales
Medium [Electronic resource]
260 ## - PUBLICATION INFORMATION
Date April 2026
300 ## - PHYSICAL DESCRIPTION
Physical description 19p.
520 ## - ABSTRACT
Abstract This Code of Practice is designed to foster and encourage clarity, communication and mutual respect in the tenanted sector. It recognises parties may have differing interests, while encouraging collaboration on shared objectives. The development of the Code was led by an Expert Panel, convened and facilitated by Welsh Government. This Panel bought together representatives from all key stakeholders in the sector in Wales including RICS ensuring a broad and balanced range of perspectives from across the tenanted sector. It provides guidance on the standards of behaviour expected from all landlords and tenants as well as those providing professional advice in connection with agricultural tenancy matters.<br/><br/>RICS are delighted to fully endorse this Code and are pleased that this Code provides RICS members and firms with a document which outlines a route to follow for good behaviour in this area of practice.
650 ## - KEYWORDS
Keywords LANDLORD AND TENANT
650 ## - KEYWORDS
Keywords RURAL MANAGEMENT
650 ## - KEYWORDS
Keywords AGRICULTURAL TENANCIES
651 ## - SUBJECT ADDED ENTRY--GEOGRAPHIC NAME
Geographic name Wales
690 ## - BROAD SUBJECT
Broad subject Land use
9 (RLIN) 6251
710 ## - ADDED CORPORATE NAME
Added corporate author Royal Institution of Chartered Surveyors
710 ## - ADDED CORPORATE NAME
Added corporate author Tenant Farmers Association Cymru
710 2# - ADDED CORPORATE NAME
Added corporate author Country Land and Business Association
710 ## - ADDED CORPORATE NAME
Added corporate author Agricultural Law Association
710 ## - ADDED CORPORATE NAME
Added corporate author Central Association of Agricultural Valuers
710 ## - ADDED CORPORATE NAME
Added corporate author National Farmers Union Cymru
710 ## - ADDED CORPORATE NAME
Added corporate author Farmers Union of Wales
856 ## - ONLINE RESOURCE
Uniform Resource Identifier <a href="https://www.rics.org/content/dam/ricsglobal/documents/standards/Agricultural-Landlord-and-Tenant-Code-of-Practice-Wales.pdf">https://www.rics.org/content/dam/ricsglobal/documents/standards/Agricultural-Landlord-and-Tenant-Code-of-Practice-Wales.pdf</a>
Public note Available free on RICS.org
942 ## - ADDED ENTRY ELEMENTS (KOHA)
Suppress in OPAC Do not suppress in OPAC
Holdings
Lost status Damaged status Not for loan Current library Shelving location Date acquired Total Checkouts Full call number Date last seen Price effective from Koha item type
      Virtual Online 09/04/2026   ONLINE PUBLICATION 09/04/2026 09/04/2026 Online material